Anayasal normlar hiyerarşisi ve temel hakların korunmasındaki işlevi : (Record no. 33097)
| 000 -BAŞLIK | |
|---|---|
| Sabit Uzunluktaki Kontrol Alanı | 01851nam a22003737a 4500 |
| 001 - KONTROL NUMARASI | |
| Control Dosyası | 0032970 |
| 003 - KONTROL NUMARASI KİMLİĞİ | |
| Kontrol Alanı | KOHA_MİRAKIL |
| 005 - EN SON İŞLEM TARİHİ ve ZAMANI | |
| Kontrol Alanı | 20260207002843.0 |
| 007 - FİZİKSEL TANIM SABİT ALAN - GENEL BİLGİ | |
| Sabit uzunluklu kontrol alanı | ta |
| 008 - SABİT UZUNLUKTAKİ VERİ ÖGELERİ - GENEL BİLGİ | |
| Sabit Alan | 111010b1990 tu |||gro|||#1|||0|tur | |
| 040 ## - KATALOGLAMA KAYNAĞI | |
| Özgün Kataloglama Kurumu | TR-BiSEU |
| Kataloglama Dili | tur |
| Çeviri Kurumu | TR-BiSEU |
| Açıklama Kuralları | rda |
| 041 0# - DİL KODU | |
| Metin ya da ses kaydının dil kodu | tur |
| 044 ## - YAYINLAYAN/ÜRETEN KURULUŞUN ÜLKE KODU | |
| ISO country code | tu |
| 050 ## - SINIFLAMA ve YER NUMARASI | |
| Sınıflama Numarası | KJC5456 |
| Yer Numarası | .A53 1990 |
| 111 2# - TOPLANTI ADI | |
| Toplantı Adı | Avrupa Anayasa Mahkemeleri Konferansı (8. : 1990 : Ankara, Türkiye) |
| 9 (RLIN) | 64341 |
| 240 10 - TEK BİÇİM BAŞLIK | |
| Tekbiçim Başlık | <a href="die hierarchie der verfassungsnormen und ihre funktion beim schutz der grundrechte : VIII konferenz der Europaischen verfassungsgerichtshöfe">die hierarchie der verfassungsnormen und ihre funktion beim schutz der grundrechte : VIII konferenz der Europaischen verfassungsgerichtshöfe</a> |
| Language of a work | Türkçe |
| 245 1# - ESER ADI BİLDİRİMİ | |
| Başlık | Anayasal normlar hiyerarşisi ve temel hakların korunmasındaki işlevi : |
| Alt Eseradı vb. | VIII. Avrupa Anayasa Mahkemeleri konferansı, Ankara, 7-10 Mayıs 1990 = |
| -- | die hierarchie der verfassungsnormen und ihre funktion beim schutz der grundrechte : |
| -- | VIII konferenz der Europaischen verfassungsgerichtshöfe. |
| 264 #1 - ÜRERİM, YAYIN, DAĞITIM ve TELİF BİLDİRİMİ | |
| Yayın yeri | Ankara : |
| Yayınlayan | Anayasa Mahkemesi |
| Yayın tarihi | 1990 |
| 300 ## - FİZİKSEL TANIMLAMA | |
| Sayfa, Cilt vb. | 5 c.; 24 cm. |
| 336 ## - İÇERİK TÜRÜ | |
| Content type term | metin |
| Content type code | txt |
| Source | rdacontent |
| 337 ## - MEDYA TÜRÜ | |
| Media type term | aracısız |
| Media type code | n |
| Source | rdamedia |
| 338 ## - TAŞIYICI TÜRÜ | |
| Carrier type term | cilt |
| Carrier type code | nc |
| Source | rdacarrier |
| 490 1# - DİZİ BİLDİRİMİ | |
| Dizi Bildirimi | Türk Anayasa Mahkemesi Yayınları ; |
| Cilt Numarası | no. |
| 490 1# - DİZİ BİLDİRİMİ | |
| Dizi Bildirimi | 18 |
| 505 ## - İÇİNDEKİLER NOTU | |
| İçindekiler Notu | c.1: Açılışta yapılan konuşmalar ve genel rapor. c.2 : Türk Anayasa Mahkemesi raporu.c.3 : Konferans düzenleyen anayasa mahkemeleri ve benzeri kurumların raporları.c.4 : Davetli yüksek mahkemeler ve benzeri kurumların raporları. c. 5 : Bildiriler ve konuşmalar. |
| 650 #0 - KONU BAŞLIĞI EK GİRİŞ - KONU TERİMİ | |
| Konusal terim veya coğrafi ad | Anayasa Mahkemeleri--Türkiye--Kongreler. |
| 9 (RLIN) | 64342 |
| 650 #0 - KONU BAŞLIĞI EK GİRİŞ - KONU TERİMİ | |
| Konusal terim veya coğrafi ad | Constitutional courts--Turkey--Congresses. |
| 9 (RLIN) | 64343 |
| 650 #0 - KONU BAŞLIĞI EK GİRİŞ - KONU TERİMİ | |
| Konusal terim veya coğrafi ad | Anayasa hukuku--Türkiye--Kongreler. |
| 9 (RLIN) | 23931 |
| 650 #0 - KONU BAŞLIĞI EK GİRİŞ - KONU TERİMİ | |
| Konusal terim veya coğrafi ad | Constitutional law--Turkey--Congresses. |
| 9 (RLIN) | 23930 |
| 830 1# - SERİ EK GİRİŞİ - TEKBİÇİM ESER ADI | |
| Tekbiçim Başlık | Türk Anayasa Mahkemesi Yayınları ; |
| Volume number/sequential designation | no. |
| 9 (RLIN) | 64344 |
| 830 1# - SERİ EK GİRİŞİ - TEKBİÇİM ESER ADI | |
| Tekbiçim Başlık | 18 |
| 9 (RLIN) | 13537 |
| 907 ## - LOCAL DATA ELEMENT G, LDG (RLIN) | |
| a | Konferans |
| 942 ## - EK GİRİŞ ÖGELERİ (KOHA) | |
| Source of classification or shelving scheme | Library of Congress Classification |
| Koha item type | Book |
| Materyal Türü | Kalıcı Konum | Mevcut Konum | Raf Yeri | Sınıflandırma Kaynağı | Edinim Bilgisi | Ana Konular | Alt Konular | Yer Numarası | Cilt Bilgisi | Demirbaş Numarası | Fatura Tarihi | Geri Çekilme Durumu | Kayıp Durumu | Hasarlı Durumu | Kredi için değil | Kayıt Tarih | Toplam Ödünçverme | Son Görülme Tarihi | Son Kontrol Tarihi | Genel / Bağış Notu |
|---|---|---|---|---|---|---|---|---|---|---|---|---|---|---|---|---|---|---|---|---|
| Book | Prof. Dr. Azmi Özcan Kütüphanesi | Prof. Dr. Azmi Özcan Kütüphanesi | Uluğbey Salonu | Library of Congress Classification | Bağış | HUKUK | Bölgesel Karşılaştırmalı Hukuk | KJC5456 .A53 1990 | c.3 | 0032970 | 02/02/2026 | 10/10/2011 | 05/12/2024 | 05/12/2024 | Genel Bağış |
